Architectures of Transition, Emergent Practices in South Asia (Record no. 12703)
[ view plain ]
| 000 -LEADER | |
|---|---|
| fixed length control field | 00413 a2200145 4500 |
| 003 - CONTROL NUMBER IDENTIFIER | |
| control field | OSt |
| 005 - DATE AND TIME OF LATEST TRANSACTION | |
| control field | 20240702161416.0 |
| 008 - FIXED-LENGTH DATA ELEMENTS--GENERAL INFORMATION | |
| fixed length control field | 240702b ||||| |||| 00| 0 eng d |
| 020 ## - INTERNATIONAL STANDARD BOOK NUMBER | |
| International Standard Book Number | 9788412622232 |
| 100 ## - MAIN ENTRY--PERSONAL NAME | |
| Personal name | Rahul Mehrotra, Devashree Shah and Pranav Thole |
| 245 ## - TITLE STATEMENT | |
| Title | Architectures of Transition, Emergent Practices in South Asia |
| 260 ## - PUBLICATION, DISTRIBUTION, ETC. (IMPRINT) | |
| Name of publisher, distributor, etc | Edicions Altrim S.L |
| Date of publication, distribution, etc | 2024 |
| 300 ## - PHYSICAL DESCRIPTION | |
| Extent | 314pages |
| 942 ## - ADDED ENTRY ELEMENTS (KOHA) | |
| Source of classification or shelving scheme | |
| Withdrawn status | Lost status | Source of classification or shelving scheme | Damaged status | Koha normalized classification for sorting | Not for loan | Permanent location | Current location | Date acquired | Source of acquisition | Cost, normal purchase price | Full call number | Barcode | Date last seen | Cost, replacement price | Price effective from | Koha item type |
|---|---|---|---|---|---|---|---|---|---|---|---|---|---|---|---|---|
| 720_108000000000000 | BMS College of Architecture, Design and Planning | BMS College of Architecture, Design and Planning | 2024-07-02 | 1 | 2062.50 | 720.108 | AR-UG3899 | 2024-07-02 | 2750.00 | 2024-07-02 | B.PLAN | |||||
| 720_108000000000000 | BMS College of Architecture, Design and Planning | BMS College of Architecture, Design and Planning | 2024-07-02 | 1 | 2062.50 | 720.108 | AR-UG3898 | 2024-07-02 | 2750.00 | 2024-07-02 | B.PLAN |